000
00306nam a22001457a 4500
008
230508b ||||| |||| 00| 0 eng d
020
_a
9780313327650
041
_a
eng
080
_a
94
082
_a
94BUT
100
_a
28
101
_a
HISTORI
245
_a
WORLD HISTORY
_c
BUTT.J.J
942
_2
udc
_c
BK
999
_c
59663
_d
59663